2018-2021 Formula One Liveries (F1) - Statistics

General Stats
  • This quiz has been taken 3,623 times
  • The average score is 14 of 15
Answer Stats
Picture Answer % Correct
Ferrari
100%
Haas
100%
Red Bull
100%
Alpine
99%
McLaren
99%
AlphaTauri
96%
Aston Martin
96%
Mercedes
95%
Williams
94%
Alfa Romeo
93%
Toro Rosso
88%
Force India
84%
Racing Point
84%
Renault
84%
Sauber
82%
No matching quizzes found
Score Distribution
Percent of People with Each Score
Percentile by Number Answered
Your Score History
You have not taken this quiz